000 00770nam a22002411 4500
001 28561
003 BD-RjUL
005 20211209051311.0
008 140331s1969 ru acfh 000 0beng
035 _a(BD-RjUL)28642
040 _aDLC
_cDLC
_dDLC
_dBD-RjUL
_beng
041 1 _aengrus
082 0 0 _a947.08410924
_bVIL 1969
245 0 0 _aV.I. Lenin :
_ba short biography /
_cPrepared by the Institute of Marxism-Leninism. Translated from the Russian by Bernard Isaacs.
250 _a4d rev. and enl. ed.
260 _aMoscow :
_bProgress,
_c1969.
300 _a215 p. :
_bill., facsim., plates, ports. ;
_c20 cm.
350 _a0.46
600 1 0 _aLenin, Vladimir Ilʹich,
_d1870-1924.
_987505
942 _2ddc
_cBK
999 _c28561
_d28561